| 000 | 00916 a2200325 4500 | ||
|---|---|---|---|
| 001 | 35988 | ||
| 999 |
_c35988 _d13316 |
||
| 003 | TR-AnTOB | ||
| 005 | 20190719173237.0 | ||
| 008 | 010808s2000 tu 000 0 tur | ||
| 010 | _a2001301938 | ||
| 020 | _a9756719524 | ||
| 040 |
_aDLC _cDLC _dTRTET |
||
| 041 | _atur | ||
| 042 | _alcode | ||
| 043 | _aa-tu--- | ||
| 049 | _aMAIN | ||
| 050 | 0 |
_aDR603 _b.E962 2000 |
|
| 090 | _aDR603 .E962 2000 | ||
| 100 |
_aEvren, Kenan, _d1917-2015 _925989 |
||
| 240 |
_aSpeeches. _kSelections _925990 |
||
| 245 | 0 |
_aSeçme konuşmalar : _b12 Eylül 1980-6 Kasım 1989 / _cKenan Evren. |
|
| 250 | _a1. baskı. | ||
| 264 | 1 |
_aGüneşli, İstanbul : _bDoğan Kitapçılık, _c2000. |
|
| 300 |
_a693 p. ; _c24 cm. |
||
| 600 |
_aEvren, Kenan, _d1917-2015 _925989 |
||
| 651 |
_aTurkey _xPolitics and government _y1980- _98951 |
||
| 651 |
_aTürkiye _xSiyaset ve yönetim _y1980- _98950 |
||
| 902 | _a0016298 | ||
| 942 | _cBK | ||